000 00616nab a2200241 a 4500
001 67632
003 140814
005 20201118110441.0
008 ||||||n9999 ||| || ||
041 _aeng
100 _aVischer, Jacqueline
245 0 _aWill this open space work
260 _aEstados Unidos :
_bHARVA,
_c1999.
300 _app.28-29
562 _e0
650 _aANÁLISIS TEÓRICO
650 _aEMPRESAS PRIVADAS
650 _aREINGENIERÍA
650 _aREORGANIZACIÓN
650 _aSITIO DE TRABAJO
773 _065660
_aHarvard Business Review - Vol.77 No.3 (1999)
942 _cSART
999 _c67632
_d67632